| 000 | 00507cam a22001697a 4500 | ||
|---|---|---|---|
| 008 | 180718b1992 xxu||||| |||| 00| 0 eng d | ||
| 020 | _a8190006142 | ||
| 082 | _aA99/H336 P193 | ||
| 100 | _aGanesh | ||
| 245 |
_aFrom poverty to plenty: the story of Ralegan Siddhi _cby Ganesh and Vasudha Pangare |
||
| 260 |
_aNew Delhi _bIndian National Trust for Art and Cultural Heritage _c1992 |
||
| 300 | _a47p. | ||
| 650 | _aPoverty | ||
| 650 | _aAnna - Biography | ||
| 650 | _aHazare | ||
| 700 | _aPangare, Vasudha | ||
| 999 |
_c493345 _d493345 |
||